Normal view MARC view

Entry Personal Name

Number of records used in: 1

001 - CONTROL NUMBER

  • control field: 9883

003 - CONTROL NUMBER IDENTIFIER

  • control field: DLC

005 - DATE AND TIME OF LATEST TRANSACTION

  • control field: 20231109154825.0

008 - FIXED-LENGTH DATA ELEMENTS

  • fixed length control field: 100312n| acannaabn |a aaa

010 ## - LIBRARY OF CONGRESS CONTROL NUMBER

  • LC control number: nb2010006632

035 ## - SYSTEM CONTROL NUMBER

  • System control number: (Uk)007735419

040 ## - CATALOGING SOURCE

  • Original cataloging agency: Uk
  • Language of cataloging: eng
  • Transcribing agency: Uk

100 1# - HEADING--PERSONAL NAME

  • Personal name: Ash-Shanawi, Abdul ʹAziz

400 1# - SEE FROM TRACING--PERSONAL NAME

  • Personal name: Shanawi, Abdul ʹAziz Ash-

400 1# - SEE FROM TRACING--PERSONAL NAME

  • Personal name: As-Shanawi, Abdul ʹAziz

670 ## - SOURCE DATA FOUND

  • Source citation: Advisors of the prophet, 2004:
  • Information found: t.p. (Abdul ʹAziz Ash-Shanawi) cover (Abdul ʹAziz As-Shanawi)

670 ## - SOURCE DATA FOUND

  • Source citation: King Fahd National Library CIP, 11 Mar. 2010
  • Information found: (hdg.: Ash-Shanawi, Abdulaziz)

Powered by Koha